[Event "BL 1011 Hamburger SK - Nickelhütte Aue"]
[Site "?"]
[Date "2010.11.13"]
[Round "3.7"]
[White "Wichmann, Cliff"]
[Black "Berger, Steve"]
[Result "1-0"]
[BlackElo "2423"]
[EventDate "2010.??.??"]
[PlyCount "75"]
[WhiteElo "2341"]

1. d4 e6 2. e4 d5 3. Nc3 Bb4 4. exd5 exd5 5. Bd3 Nc6 6. a3 Ba5 7. Ne2 Be6 8. Be3 Qd7 9. b4 Bb6 10. Na4 Nge7 11. Nc5 Bxc5 12. dxc5 Nf5 13. Bf4 Nh4 14. Bg3 Nxg2+ 15. Kd2 Bh3 16. b5 Na5 17. Nd4 h5 18. Qf3 Nc4+ 19. Kc3 h4 20. c6 bxc6 21. bxc6 Qe7 22. Bxc4 hxg3 23. hxg3 Rd8 24. Bb3 Rh6 25. Rxh3 Ne1 26. Qe2 Qxe2 27. Nxe2 Rxh3 28. Rxe1 Kf8 29. Nf4 d4+ 30. Kd3 Rh6 31. Nd5 Rxc6 32. Rh1 Rh6 33. Rxh6 gxh6 34. Nxc7 Ke7 35. Nd5+ Kd6 36. Kxd4 Rb8 37. Ne3 Rh8 38. Ke4  1-0

[Event "BL1011 SV Griesheim - Bremen"]
[Site "schachbundesliga.de"]
[Date "2009.11.14"]
[Round "3.8"]
[White "Koehler, Ronald"]
[Black "Skripchenko-Lautier, Almira"]
[Result "0-1"]
[BlackElo "2464"]
[EventDate "2009.??.??"]
[PlyCount "46"]
[WhiteElo "2289"]

1. d4 d6 2. c4 e5 3. Nf3 e4 4. Ng5 f5 5. Nc3 Be7 6. Nd5 Bxg5 7. Bxg5 Qxg5 8. Nxc7+ Kd8 9. Nxa8 e3 10. fxe3 Qxe3 11. Qb3 f4 12. c5 dxc5 13. dxc5 Qxc5 14. Rd1+ Nd7 15. g3 Nf6 16. Bg2 Ng4 17. Bxb7 Qf2+ 18. Kd2 Qe3+ 19. Kc2 Qxb3+ 20. Kxb3 Bxb7 21. Rxd7+ Kxd7 22. Rd1+ Kc8 23. Rc1+ Kb8  0-1

[Event "BL1011 SK Delmenhorst - SV Griesheim"]
[Site "schachbundesliga.de"]
[Date "2009.11.15"]
[Round "4.2"]
[White "Warakomski, Tomasz"]
[Black "Berczes, David"]
[Result "0-1"]
[BlackElo "2520"]
[EventDate "2009.??.??"]
[PlyCount "59"]
[WhiteElo "2468"]

1. e4 e6 2. d4 d5 3. Nc3 Bb4 4. e5 c5 5. a3 Ba5 6. b4 cxd4 7. Nb5 Bc7 8. f4 Bd7 9. Nf3 Bxb5 10. Bxb5+ Nc6 11. Nxd4 Ne7 12. c4 dxc4 13. Nxc6 Qxd1+ 14. Kxd1 Nxc6 15. Kc2 O-O-O 16. Bxc4 g5 17. fxg5 b5 18. Bd3 Nd4+ 19. Kc3 Bxe5 20. Ra2 Rd7 21. Kd2 Rc7 22. Ke3 Rd8 23. Ke4 Nf5 24. Bxb5 Rd5 25. Ba6+ Kb8 26. Rd2 Nd6+ 27. Ke3 Rc3+ 28. Ke2 Rxd2+ 29. Kxd2 Rc6 30. Ke2  0-1

[Event "BL 1011 Bayern München - Werder Bremen"]
[Site "?"]
[Date "2010.12.11"]
[Round "5.6"]
[White "Meissner, Bernd Guenther"]
[Black "Feller, Sebastien"]
[Result "0-1"]
[BlackElo "2649"]
[EventDate "2010.??.??"]
[PlyCount "122"]
[WhiteElo "2401"]

1. d4 f5 2. g3 Nf6 3. Bg2 g6 4. Nh3 d6 5. c3 c6 6. Nf4 Bg7 7. Qb3 Na6 8. Nd2 d5 9. Nf3 Ne4 10. h4 Qb6 11. Qc2 e5 12. Nd3 exd4 13. cxd4 Be6 14. O-O O-O 15. Bf4 Rae8 16. e3 Nb8 17. Be5 Bh6 18. Bf4 Bg7 19. Be5 Nd7 20. Bxg7 Kxg7 21. b4 Nd6 22. a4 Nc4 23. Rfb1 Qc7 24. b5 Qd6 25. bxc6 Qxc6 26. Nd2 Na5 27. Qa2 b6 28. Nb4 Qd6 29. Bxd5 Nf6 30. Bxe6 Rxe6 31. Nf3 Ng4 32. Qd5 Qe7 33. Ng5 Rd6 34. Qg2 h6 35. Nf3 Rc8 36. Rc1 Rdd8 37. Nd3 Nb3 38. Rxc8 Rxc8 39. Rd1 Rc2 40. Qf1 Qe4 41. Nfe5 Nxe3 42. fxe3 Qxe3+ 43. Nf2 Nxd4 44. Rxd4 Qxd4 45. Nd3 Qxa4 46. Qe1 Qd7 47. Qe5+ Kh7 48. Nf4 Rc1+ 49. Kh2 Rc2 50. Kg1 Rc1+ 51. Kh2 Qf7 52. Nd5 Rc6 53. Nd3 g5 54. hxg5 hxg5 55. Kg1 Qe6 56. Qxe6 Rxe6 57. Nf2 a5 58. Kf1 a4 59. Nb4 a3 60. Nd1 b5 61. Na2 Rc6  0-1

[Event "BL 1011 OSG Baden Baden - Nickelhütte A"]
[Site "?"]
[Date "2011.02.05"]
[Round "8.6"]
[White "Dautov, Rustem"]
[Black "Rosko, Lubos"]
[Result "1-0"]
[BlackElo "2305"]
[EventDate "2011.??.??"]
[PlyCount "49"]
[WhiteElo "2602"]

1. d4 Nf6 2. c4 g6 3. g3 d5 4. cxd5 Nxd5 5. e4 Nb6 6. Nc3 Bg7 7. Nge2 O-O 8. Bg2 Na6 9. b3 c5 10. Be3 cxd4 11. Nxd4 Bg4 12. f3 Nb4 13. O-O Rc8 14. Rc1 Rxc3 15. Rxc3 N6d5 16. exd5 Nxd5 17. Qc1 Nxe3 18. Rxe3 Bxd4 19. fxg4 Qc8 20. Qd2 Qc5 21. Re1 Rc8 22. Bxb7 Rc7 23. Bf3 Qc3 24. Qxc3 Rxc3 25. Kf2  1-0

[Event "BL 1011 SG Turm Trier - SC Eppingen"]
[Site "?"]
[Date "2011.02.26"]
[Round "10.3"]
[White "Postny, Evgeny"]
[Black "Jaracz, Pawel"]
[Result "1-0"]
[BlackElo "2543"]
[EventDate "2011.??.??"]
[PlyCount "143"]
[WhiteElo "2595"]

1. d4 Nf6 2. c4 g6 3. Nc3 d5 4. Bf4 Bg7 5. e3 c5 6. dxc5 Qa5 7. Rc1 dxc4 8. Bxc4 O-O 9. Ne2 Qxc5 10. Qb3 Nc6 11. Nb5 Qh5 12. Ng3 Qh4 13. Nc7 e5 14. Bg5 Qxg5 15. h4 Qg4 16. Nxa8 Qd7 17. Rd1 Qe7 18. Qa3 Qxa3 19. bxa3 Bg4 20. f3 Na5 21. Be2 Be6 22. Nc7 Bxa2 23. h5 Rc8 24. Nb5 Bb3 25. Rb1 Bf8 26. Nxa7 Rc2 27. hxg6 hxg6 28. Nb5 Bc5 29. Bd1 Rxg2 30. Bxb3 Rxg3 31. Kf2 Rg5 32. Ba2 Kg7 33. Nc3 Rf5 34. Ke2 Rg5 35. Rbg1 Rxg1 36. Rxg1 Bxa3 37. Rb1 Nd7 38. Ne4 f5 39. Rd1 Nf8 40. Nc3 f4 41. Rd5 Nc6 42. Rb5 fxe3 43. Rxb7+ Kh6 44. Kxe3 Nh7 45. Ne4 Nd4 46. Rb1 Be7 47. Rb6 Nc2+ 48. Kf2 Ng5 49. Rb7 Bd8 50. Nd6 Nd4 51. Bd5 Nf5 52. Nc4 Nh3+ 53. Kf1 Kg5 54. Rh7 Nf4 55. Be4 Bf6 56. Kf2 Ne6 57. Rf7 Nc5 58. Rf8 Ne6 59. Rg8 Ne7 60. Re8 Kf4 61. Bxg6 Nxg6 62. Rxe6 Kf5 63. Re8 Bh4+ 64. Ke2 Be7 65. Ne3+ Ke6 66. Kd3 Nf4+ 67. Kc4 Ng6 68. Nd5 Kf7 69. Ra8 Ke6 70. Ra6+ Bd6 71. Nc7+ Ke7 72. Nb5  1-0

[Event "BL 1011 Schachfr. Berlin - Solinger SG"]
[Site "?"]
[Date "2011.02.27"]
[Round "11.8"]
[White "Thinius, Marco"]
[Black "Naumann, Alexander"]
[Result "1/2-1/2"]
[BlackElo "2544"]
[EventDate "2011.??.??"]
[PlyCount "40"]
[WhiteElo "2367"]

1. e4 c6 2. d4 d5 3. e5 Bf5 4. h4 h5 5. Bg5 Qb6 6. Bd3 Bxd3 7. Qxd3 e6 8. Nd2 Qa6 9. c4 Bb4 10. b3 Nd7 11. Nf3 Ne7 12. O-O Nf5 13. Rfc1 O-O 14. a3 Bxd2 15. Qxd2 Qb6 16. Rc3 f6 17. c5 Qd8 18. exf6 gxf6 19. Bf4 Qe8 20. Re1 Qf7  1/2-1/2

[Event "BL 1011 OSG Baden Baden - SG Turm Trier"]
[Site "?"]
[Date "2011.02.27"]
[Round "11.5"]
[White "Seger, Ruediger"]
[Black "Meier, Georg"]
[Result "0-1"]
[BlackElo "2659"]
[EventDate "2011.??.??"]
[PlyCount "90"]
[WhiteElo "2416"]

1. e4 e5 2. Nf3 Nc6 3. Bb5 a6 4. Bxc6 dxc6 5. O-O Bg4 6. h3 Bh5 7. g4 Bg6 8. Nxe5 Qh4 9. Qf3 f6 10. Nxg6 hxg6 11. Kg2 g5 12. d3 Ne7 13. Rh1 Qh7 14. Kg1 O-O-O 15. Nc3 Kb8 16. Be3 Ng6 17. Ne2 Bd6 18. Ng3 Nh4 19. Qe2 g6 20. Kf1 Qe7 21. Rg1 Bf4 22. Ke1 c5 23. Rd1 Rhe8 24. Rd2 Qe6 25. c4 f5 26. gxf5 gxf5 27. Nxf5 Nxf5 28. exf5 Qxf5 29. Qg4 Qh7 30. Ke2 Rd4 31. Qf3 Bxe3 32. fxe3 Rf4 33. Qg3 Qh5+ 34. Ke1 Rf3 35. Qg4 Rexe3+ 36. Re2 Qf7 37. Rg2 Rxd3 38. Rgf2 Rf4 39. Qxg5 Rxf2 40. Rxf2 Qxc4 41. Re2 Rxh3 42. Qd8+ Ka7 43. Qxc7 Rf3 44. Kd2 Qd3+ 45. Ke1 Qb1+  0-1

[Event "BL 1011 SK Delmenhorst - Solinger SG"]
[Site "?"]
[Date "2011.03.19"]
[Round "12.1"]
[White "Smeets, Jan"]
[Black "Heberla, Bartlomeij"]
[Result "1-0"]
[BlackElo "2534"]
[EventDate "2011.??.??"]
[PlyCount "91"]
[WhiteElo "2669"]

1. e4 c6 2. d4 d5 3. e5 c5 4. dxc5 Nc6 5. Bb5 e6 6. Be3 Ne7 7. c3 Bd7 8. Bxc6 Bxc6 9. Bd4 Nf5 10. Nf3 Nxd4 11. Qxd4 Qc7 12. b4 b6 13. cxb6 axb6 14. O-O Be7 15. a3 O-O 16. Qe3 Bb5 17. Re1 Rfc8 18. Nd4 Bd7 19. Ra2 f6 20. exf6 Bxf6 21. Nxe6 Qc4 22. Rae2 Re8 23. Qd2 Bxe6 24. Rxe6 Rxe6 25. Rxe6 d4 26. Qe1 Rf8 27. Re4 Qd5 28. cxd4 Bxd4 29. Re2 Qb3 30. h3 b5 31. Qc1 Qf7 32. Qd2 Qf6 33. Qe1 Qa6 34. Nc3 Qc6 35. Ne4 h6 36. Qd1 Ba7 37. Qc2 Qd7 38. Rd2 Qe7 39. Qc6 Kh8 40. Qd5 Re8 41. Re2 Qh4 42. Qf7 Qd8 43. Rd2 Qe7 44. Qxe7 Rxe7 45. Nc3 Re5 46. g4  1-0

[Event "BL 1011 Hamburger SK - SV Wattenscheid"]
[Site "?"]
[Date "2011.03.20"]
[Round "13.1"]
[White "Vitiugov, Nikita"]
[Black "Ghaem Maghami, Ehsan"]
[Result "1-0"]
[BlackElo "2594"]
[EventDate "2011.??.??"]
[PlyCount "189"]
[WhiteElo "2709"]

1. d4 Nf6 2. c4 e6 3. Nc3 Bb4 4. e3 c5 5. Ne2 cxd4 6. exd4 d5 7. a3 Bxc3+ 8. Nxc3 dxc4 9. Bxc4 Nc6 10. Be3 O-O 11. O-O b6 12. Qf3 Bb7 13. Bd3 Qd7 14. Qh3 Ne7 15. Bg5 Ng6 16. Bxf6 gxf6 17. Rad1 Rad8 18. Rfe1 Kg7 19. Bc2 Qd6 20. Ne2 f5 21. Bb3 Qe7 22. d5 Bxd5 23. Bxd5 Rxd5 24. Rxd5 exd5 25. Qxf5 Qe5 26. Qxe5+ Nxe5 27. Rc1 Nc4 28. b3 Re8 29. Nd4 Nxa3 30. f3 b5 31. Rc6 a5 32. Ra6 a4 33. bxa4 bxa4 34. Nf5+ Kf8 35. Rxa4 Nc4 36. Kf2 Rd8 37. Kg3 Nd6 38. Nd4 Ne8 39. Kf4 Nd6 40. Ra7 Kg8 41. Nc6 Re8 42. Ne7+ Kg7 43. Nxd5 Nb5 44. Ra4 Rd8 45. Ne3 Nd4 46. Ke4 Ne6 47. Ke5 h5 48. f4 Nc5 49. Nf5+ Kf8 50. Ra7 Nd7+ 51. Ke4 Nf6+ 52. Kf3 Rd3+ 53. Ke2 Rd5 54. Ne3 Rc5 55. Kd3 Ng4 56. Nc4 Rd5+ 57. Ke4 Nf6+ 58. Kf3 Rd3+ 59. Ke2 Rd4 60. Ne5 Rxf4 61. Rxf7+ Ke8 62. Kd3 Rf5 63. g3 Rxe5 64. Rxf6 Ke7 65. Rf4 Ra5 66. Ke4 Ke6 67. Rf8 h4 68. g4 Ra2 69. h3 Ra4+ 70. Kf3 Ra3+ 71. Kf4 Rxh3 72. Kg5 Ke7 73. Rf1 Rh2 74. Kh5 h3 75. Kh4 Re2 76. Kxh3 Ra2 77. Kh4 Ra8 78. Rf4 Rh8+ 79. Kg5 Ke6 80. Kg6 Ke5 81. Rf5+ Ke4 82. Rf6 Rg8+ 83. Kh5 Ke5 84. g5 Rh8+ 85. Kg6 Rh1 86. Kg7 Rg1 87. g6 Ra1 88. Rf8 Ke6 89. Kg8 Ke7 90. Rf4 Rg1 91. g7 Rg2 92. Rh4 Kf6 93. Rh6+ Ke7 94. Kh8 Kf7 95. Rh7  1-0

[Event "BL 1011 Nickelhütte Aue - Solinger SG"]
[Site "?"]
[Date "2011.04.09"]
[Round "14.4"]
[White "Melamed, Tatiana"]
[Black "Jussupow, Artur"]
[Result "1/2-1/2"]
[BlackElo "2589"]
[EventDate "2011.??.??"]
[PlyCount "69"]
[WhiteElo "2353"]

1. e4 e6 2. d4 d5 3. Nd2 c5 4. exd5 exd5 5. Ngf3 Nc6 6. Bb5 Bd6 7. dxc5 Bxc5 8. O-O Ne7 9. Nb3 Bd6 10. Re1 O-O 11. Bd3 h6 12. h3 Nf5 13. c3 Qf6 14. Bc2 Rd8 15. Qd3 g6 16. Qd2 Bf8 17. Qf4 Bg7 18. Bd2 g5 19. Qh2 Bf8 20. Rad1 Bd6 21. Qh1 Bd7 22. g4 Nfe7 23. Nbd4 Ng6 24. Be3 Re8 25. Nf5 Bxf5 26. Bxf5 Bf4 27. Bd4 Qd6 28. h4 Nxd4 29. cxd4 Nxh4 30. Nxh4 gxh4 31. Qxh4 Rxe1+ 32. Rxe1 Qb4 33. Rd1 Bg5 34. Qh1 Rd8 35. Qf3  1/2-1/2

[Event "BL 1011 Turm Emsdetten - SV Mülheim Nor"]
[Site "?"]
[Date "2011.04.10"]
[Round "15.4"]
[White "Pruijssers, Roeland"]
[Black "Berelovich, Alexander"]
[Result "0-1"]
[BlackElo "2574"]
[EventDate "2011.??.??"]
[PlyCount "140"]
[WhiteElo "2483"]

1. e4 e6 2. d4 d5 3. Nc3 Bb4 4. e5 c5 5. a3 Ba5 6. b4 cxd4 7. Nb5 Bc7 8. Nf3 Nc6 9. Nxc7+ Qxc7 10. Bb5 Ne7 11. O-O a5 12. Bb2 axb4 13. axb4 Rxa1 14. Qxa1 O-O 15. Nxd4 Bd7 16. Nxc6 Nxc6 17. Qa3 Na5 18. Bd3 Nc4 19. Qc3 Rc8 20. Ra1 h6 21. Qd4 Be8 22. h3 Kf8 23. Ra7 Nxb2 24. Qxb2 Qb6 25. Qa3 Bb5 26. Qa5 Qxa5 27. bxa5 Bxd3 28. cxd3 Rc1+ 29. Kh2 Rb1 30. a6 bxa6 31. Ra8+ Ke7 32. Ra7+ Ke8 33. Rxa6 Rb3 34. d4 g6 35. Ra8+ Ke7 36. Ra7+ Kf8 37. Ra8+ Kg7 38. Ra4 Rc3 39. Ra1 g5 40. g3 Kg6 41. g4 Rd3 42. Ra4 h5 43. Kg2 h4 44. Rb4 Rc3 45. Ra4 Rc1 46. Rb4 Ra1 47. Rb3 Ra4 48. Rd3 Rc4 49. Kf1 Kg7 50. Ke2 f6 51. exf6+ Kxf6 52. Rf3+ Ke7 53. Kd3 Ra4 54. Re3 Ra2 55. f4 gxf4 56. Rf3 Ra4 57. g5 e5 58. dxe5 Ke6 59. g6 Kxe5 60. g7 Ra8 61. Rf2 Ra3+ 62. Kc2 Rg3 63. Re2+ Kf6 64. Rd2 Kxg7 65. Rxd5 Rxh3 66. Kd2 Ra3 67. Ke2 Kg6 68. Kf2 h3 69. Rd8 Ra7 70. Rd5 Ra1  0-1

[Event "BL 1011 SV Wattenscheid - SF Katernberg"]
[Site "?"]
[Date "2011.04.10"]
[Round "15.2"]
[White "Rustemov, Alexander"]
[Black "Bischoff, Klaus"]
[Result "1/2-1/2"]
[BlackElo "2553"]
[EventDate "2011.??.??"]
[PlyCount "100"]
[WhiteElo "2541"]

1. d4 Nf6 2. c4 e6 3. Nc3 Bb4 4. e3 O-O 5. Ne2 Re8 6. a3 Bf8 7. g3 c6 8. e4 d6 9. Bg2 Nbd7 10. O-O e5 11. h3 a6 12. d5 cxd5 13. cxd5 b5 14. Be3 Nb6 15. b3 Bd7 16. Qd3 Qb8 17. Rfb1 Rc8 18. Na2 Be8 19. a4 Nbd7 20. b4 Nb6 21. Nac3 bxa4 22. Bxb6 Qxb6 23. Nxa4 Qb7 24. Nec3 Be7 25. Bf1 Bd8 26. Qe3 Qa7 27. Qxa7 Rxa7 28. Bd3 h5 29. h4 Kf8 30. Kg2 g6 31. Ra3 Rb8 32. Rab3 Ke7 33. f3 Bd7 34. R3b2 Rc8 35. b5 axb5 36. Bxb5 Bxb5 37. Rxb5 Nd7 38. Rb7 Ra6 39. R1b3 Ke8 40. Kh3 Rca8 41. Nb5 Rxa4 42. Nxd6+ Ke7 43. Nxf7 Kxf7 44. Rxd7+ Kg8 45. Rbb7 Bf6 46. Rd6 Rf8 47. Rbb6 Kg7 48. Rd7+ Kg8 49. Rdd6 Kg7 50. Rd7+ Kg8  1/2-1/2

[Event "BL 1112 SV Hockenheim - Solinger SG"]
[Site "?"]
[Date "2011.10.16"]
[Round "3.3"]
[White "Smeets, Jan"]
[Black "Baramidze, David"]
[Result "1/2-1/2"]
[BlackElo "2591"]
[EventDate "2011.??.??"]
[PlyCount "107"]
[WhiteElo "2619"]

1. d4 d5 2. c4 e6 3. Nf3 Nf6 4. g3 dxc4 5. Bg2 Nc6 6. Qa4 Bb4+ 7. Bd2 Nd5 8. Bxb4 Nxb4 9. Ne5 O-O 10. Bxc6 Nxc6 11. Nxc6 bxc6 12. Qxc4 Rb8 13. Nc3 Rxb2 14. Na4 Rb5 15. Nc5 Qd5 16. Qxd5 exd5 17. f3 Rb4 18. Rd1 Re8 19. Rg1 Rb6 20. Rd2 Ba6 21. Kf2 Bc4 22. Rc1 f6 23. Rc3 Rb1 24. Nd3 Reb8 25. h4 Kf7 26. Nc5 g6 27. Rcc2 h6 28. Rc3 g5 29. hxg5 hxg5 30. g4 Rh1 31. Rcc2 Rhb1 32. Nd7 Rh8 33. Rb2 Rh2+ 34. Ke3 Rf1 35. Rb8 Re1 36. Rbb2 Rf1 37. Rb8 Re1 38. Rbb2 Rh8 39. Kf2 Reh1 40. a4 R8h2+ 41. Kg3 Rh3+ 42. Kg2 R1h2+ 43. Kg1 Rh8 44. Rb7 Rh1+ 45. Kg2 R8h2+ 46. Kg3 Rh3+ 47. Kf2 R3h2+ 48. Kg3 Rh3+ 49. Kf2 R1h2+ 50. Ke3 Rh8 51. Rb8 Ke7 52. Rxh8 Rxh8 53. Nc5 Rb8 54. Rd1  1/2-1/2

[Event "BL 1112 SV Hockenheim - SV Mülheim Nord"]
[Site "?"]
[Date "2011.11.19"]
[Round "4.6"]
[White "Paehtz, Elisabeth"]
[Black "Berelovich, Alexander"]
[Result "1/2-1/2"]
[BlackElo "2563"]
[EventDate "2011.??.??"]
[PlyCount "120"]
[WhiteElo "2461"]

1. e4 e6 2. d4 d5 3. Nc3 Bb4 4. Ne2 dxe4 5. a3 Be7 6. Nxe4 Nf6 7. N2g3 O-O 8. c3 Nxe4 9. Nxe4 Nd7 10. Be2 b6 11. O-O Bb7 12. Bf3 Bd5 13. Qe2 Nf6 14. Bf4 Nxe4 15. Bxe4 Bxe4 16. Qxe4 Bd6 17. Be5 Qd7 18. Rfe1 Bxe5 19. Qxe5 Rad8 20. Re3 Qd6 21. Qh5 c5 22. Rg3 Qf4 23. dxc5 Rd5 24. Qg4 Qxg4 25. Rxg4 Rfd8 26. Rd4 bxc5 27. Rxd5 Rxd5 28. b4 Rd3 29. Rc1 Kf8 30. Kf1 Rd2 31. bxc5 Rd5 32. Rb1 Rxc5 33. Rb8+ Ke7 34. Rb7+ Kf6 35. Rxa7 Rxc3 36. h4 Rc2 37. g3 h5 38. Kg2 Rc3 39. a4 Ra3 40. Ra5 e5 41. Ra7 g6 42. a5 e4 43. a6 Ra1 44. Kh2 Ke6 45. Kg2 f6 46. Ra8 Ke5 47. a7 Kf5 48. Kh2 Ra2 49. Kg1 Kg4 50. Rf8 Rxa7 51. Rxf6 Kh3 52. Kf1 e3 53. Rxg6 Ra1+ 54. Ke2 exf2 55. Kxf2 Ra3 56. Rg5 Rb3 57. Rxh5 Rxg3 58. Rg5 Rg4 59. Rxg4 Kxg4 60. h5 Kxh5  1/2-1/2

[Event "BL 1112 SK König Tegel - Hamburger SK"]
[Site "Berlin Tegel"]
[Date "2011.11.19"]
[Round "4.2"]
[White "Stern, Rene"]
[Black "Ghaem Maghami, Ehsan"]
[Result "0-1"]
[BlackElo "2583"]
[EventDate "2011.??.??"]
[PlyCount "61"]
[WhiteElo "2506"]

1. d4 Nf6 2. c4 e6 3. Nc3 Bb4 4. Bg5 c5 5. d5 b5 6. dxe6 fxe6 7. cxb5 d5 8. a3 Ba5 9. e3 O-O 10. Bd3 Nbd7 11. Ne2 Bc7 12. Bh4 Bb7 13. Bg3 e5 14. O-O Qe7 15. Rc1 Rad8 16. Qa4 c4 17. Bb1 Nc5 18. Qc2 Nb3 19. Rce1 Qf7 20. Nc1 d4 21. exd4 exd4 22. Bxc7 d3 23. Nxd3 Rxd3 24. Bg3 Nd2 25. Ba2 Rfd8 26. Rd1 Kh8 27. Rfe1 Nh5 28. Re2 Nf3+ 29. Kf1 Nxg3+ 30. hxg3 Qh5 31. Re4  0-1

[Event "BL 1112 USV TU Dresden - Schachfr. Berl"]
[Site "Berlin Tegel"]
[Date "2011.11.19"]
[Round "4.2"]
[White "Socko, Bartosz"]
[Black "Kraemer, Martin"]
[Result "1/2-1/2"]
[BlackElo "2492"]
[EventDate "2011.??.??"]
[PlyCount "86"]
[WhiteElo "2628"]

1. c4 e6 2. e4 d5 3. exd5 exd5 4. d4 Nf6 5. Nc3 Bb4 6. Bd3 O-O 7. Ne2 dxc4 8. Bxc4 Nc6 9. O-O Bf5 10. a3 Bd6 11. Nb5 Be7 12. Ng3 Bg4 13. f3 Be6 14. Bxe6 fxe6 15. Be3 Qd7 16. Bf2 Rad8 17. Ne2 Nd5 18. Re1 Kh8 19. Qd2 h6 20. Rad1 Bg5 21. Qd3 Qf7 22. Nbc3 a6 23. Ne4 Be7 24. Qb3 Na5 25. Qc2 Nc6 26. Nc5 Bxc5 27. dxc5 e5 28. b4 Nf6 29. Ng3 Nd5 30. Qc4 Kg8 31. Ne4 Nf4 32. Qxf7+ Kxf7 33. Be3 Rxd1 34. Rxd1 Rd8 35. Rxd8 Nxd8 36. Bxf4 exf4 37. Kf2 Ke6 38. Ke2 Nc6 39. Kd3 Ne5+ 40. Kd4 Nc6+ 41. Kc4 Ne5+ 42. Kd4 Nc6+ 43. Kc4 Ne5+  1/2-1/2

[Event "BL 1112 SV Mülheim Nord - SC Eppingen"]
[Site "?"]
[Date "2011.11.20"]
[Round "5.4"]
[White "Golod, Vitali"]
[Black "Gyimesi, Zoltan"]
[Result "1/2-1/2"]
[BlackElo "2646"]
[EventDate "2011.??.??"]
[PlyCount "44"]
[WhiteElo "2579"]

1. d4 Nf6 2. c4 e6 3. Nc3 Bb4 4. e3 O-O 5. Ne2 d5 6. a3 Bd6 7. Ng3 c6 8. c5 Bc7 9. f4 b6 10. b4 a5 11. Bd2 Ba6 12. Bxa6 Rxa6 13. O-O axb4 14. axb4 Rxa1 15. Qxa1 bxc5 16. bxc5 Ba5 17. Nb1 Bxd2 18. Nxd2 Ng4 19. Qe1 Nd7 20. h3 Nh6 21. Nf3 Qc7 22. Qa1 Rb8  1/2-1/2

[Event "BL 1112 Turm Emsdetten - Hansa Dortmund"]
[Site "?"]
[Date "2011.11.20"]
[Round "5.3"]
[White "Steingrimsson, Hedinn"]
[Black "Swiercz, Dariusz"]
[Result "1-0"]
[BlackElo "2585"]
[EventDate "2011.??.??"]
[PlyCount "79"]
[WhiteElo "2562"]

1. d4 d5 2. c4 e6 3. Nc3 Bb4 4. Qb3 c5 5. dxc5 Nc6 6. a3 Qa5 7. Bd2 d4 8. Ne4 Bxd2+ 9. Nxd2 Nf6 10. Nf3 O-O 11. Qd1 Qxc5 12. b4 Qd6 13. Nb3 e5 14. e3 Bg4 15. h3 Bh5 16. g4 Bg6 17. Bg2 Qe6 18. Nfd2 Rad8 19. O-O b6 20. Re1 e4 21. g5 Nh5 22. b5 dxe3 23. Rxe3 Ne5 24. Qf1 Qe7 25. Nxe4 Nf4 26. Rae1 Qc7 27. c5 Ned3 28. Rd1 Nxc5 29. Nexc5 bxc5 30. Bc6 c4 31. Rxd8 Qxd8 32. Qxc4 Qxg5+ 33. Kh2 h6 34. Qc5 Qh4 35. Qxf8+ Kh7 36. Rg3 Nxh3 37. Rxh3 Qxf2+ 38. Bg2 Qf4+ 39. Rg3 h5 40. Qb4  1-0

[Event "BL 1112 SG Turm Trier - SG Solingen"]
[Site "?"]
[Date "2011.11.20"]
[Round "5.5"]
[White "Jussupow, Artur"]
[Black "Gordon, Stephen"]
[Result "1/2-1/2"]
[BlackElo "2535"]
[EventDate "2011.??.??"]
[PlyCount "89"]
[WhiteElo "2566"]

1. d4 Nf6 2. c4 e6 3. Nc3 Bb4 4. e3 c5 5. Ne2 cxd4 6. exd4 O-O 7. a3 Be7 8. Nf4 d6 9. Be2 e5 10. Nfd5 Nxd5 11. Nxd5 Nc6 12. dxe5 dxe5 13. Be3 Be6 14. O-O Bxd5 15. cxd5 Nd4 16. Bxd4 exd4 17. Qxd4 Bf6 18. Qd3 Be5 19. g3 Qf6 20. Rad1 Bd6 21. Rd2 Rfe8 22. Kg2 Rac8 23. Bf3 g6 24. h4 h5 25. Rc2 Rxc2 26. Qxc2 Qd8 27. Qa4 Qb8 28. Rc1 Kg7 29. Qd4+ Be5 30. Qd2 Qd6 31. Re1 Re7 32. a4 a6 33. Re3 Bf6 34. Rb3 Rd7 35. Qe3 Qe5 36. Qc5 Qd4 37. Qxd4 Bxd4 38. Rb4 Bc5 39. Rc4 Bd6 40. Rc8 Rc7 41. Rd8 Be7 42. d6 Bxd8 43. dxc7 Bxc7 44. Bxb7 a5 45. Kf3  1/2-1/2

[Event "BL 1112 SF Katernberg - Turm Emsdetten"]
[Site "?"]
[Date "2012.02.05"]
[Round "9.4"]
[White "Siebrecht, Sebastian"]
[Black "Hector, Jonny"]
[Result "1/2-1/2"]
[BlackElo "2575"]
[EventDate "2012.??.??"]
[PlyCount "88"]
[WhiteElo "2471"]

1. c4 Nf6 2. Nf3 c6 3. d4 d5 4. e3 Bf5 5. Nc3 e6 6. Nh4 Be4 7. f3 Bg6 8. Qb3 Qb6 9. Nxg6 hxg6 10. Bd2 Nbd7 11. Bd3 Be7 12. O-O Qc7 13. f4 g5 14. Rae1 O-O-O 15. cxd5 exd5 16. Rc1 Kb8 17. a4 Qd6 18. Na2 c5 19. Bf5 gxf4 20. exf4 Ne4 21. Ba5 b6 22. Be1 Bf6 23. dxc5 Ndxc5 24. Qb5 Bd4+ 25. Kh1 Be3 26. Rd1 Bxf4 27. h3 Qe5 28. Bxe4 Qxe4 29. Rf3 g5 30. Nc3 Qe8 31. Qxe8 Rhxe8 32. g3 Bc7 33. Rxf7 a6 34. Bf2 Ne4 35. Nxe4 Rxe4 36. b3 Re2 37. Kg2 Rb2 38. Rd3 Re8 39. Kf3 Ree2 40. Bd4 Red2 41. Rc3 Rxd4 42. Rfxc7 Rxb3 43. Rc8+ Kb7 44. Rc7+ Kb8  1/2-1/2

[Event "BL 1112 Hansa Dortmund - SG Solingen"]
[Site "?"]
[Date "2012.02.05"]
[Round "9.5"]
[White "L'Ami, Erwin"]
[Black "Schmittdiel, Eckhard"]
[Result "1/2-1/2"]
[BlackElo "2466"]
[EventDate "2012.??.??"]
[PlyCount "71"]
[WhiteElo "2592"]

1. d4 e6 2. c4 f5 3. g3 Nf6 4. Bg2 Bb4+ 5. Nd2 O-O 6. Nf3 a5 7. O-O b6 8. Ne5 Ra7 9. Nd3 Bb7 10. Nf3 Be7 11. b3 Nc6 12. a3 Qa8 13. Bb2 Nd8 14. b4 axb4 15. axb4 Rxa1 16. Qxa1 Nf7 17. b5 Qxa1 18. Rxa1 Ra8 19. Rxa8+ Bxa8 20. Nfe5 Bxg2 21. Kxg2 Nxe5 22. Nxe5 Kf8 23. f3 Ke8 24. Kf2 Bd6 25. Nd3 c6 26. c5 Bc7 27. bxc6 dxc6 28. cxb6 Bxb6 29. e3 Nd7 30. Ba3 Bc7 31. Bb2 g6 32. Ke2 Bd6 33. e4 Kf7 34. Ke3 c5 35. dxc5 Nxc5 36. Nxc5  1/2-1/2

[Event "BL 1112 SF Katernberg - SC Remagen"]
[Site "?"]
[Date "2012.04.14"]
[Round "14.5"]
[White "Swinkels, Robin"]
[Black "Glek, Igor V"]
[Result "1/2-1/2"]
[BlackElo "2408"]
[EventDate "2012.??.??"]
[PlyCount "121"]
[WhiteElo "2494"]

1. c4 e5 2. g3 Nf6 3. Bg2 h6 4. Nc3 Bb4 5. Nf3 Bxc3 6. bxc3 d6 7. O-O O-O 8. d3 e4 9. Nd4 Re8 10. Qd2 Na6 11. Nc2 exd3 12. exd3 Nc5 13. Ne3 Rb8 14. Rb1 b6 15. Bb2 Be6 16. Rfe1 Qd7 17. d4 Nce4 18. Qc2 Bh3 19. Bh1 Bf5 20. Nxf5 Qxf5 21. Re2 g6 22. Rc1 Re6 23. f3 Ng5 24. Qxf5 Rxe2 25. Qc2 Rxc2 26. Rxc2 Re8 27. Kf1 Kg7 28. Re2 Ne6 29. f4 Kf8 30. Bc6 Re7 31. Bc1 Ng7 32. Rxe7 Kxe7 33. h3 h5 34. Kf2 Ne6 35. Bf3 c5 36. Be3 cxd4 37. cxd4 d5 38. f5 Ng7 39. cxd5 Nxf5 40. Bg5 Nd6 41. Ke2 Ne8 42. Kd3 Kd7 43. Bd1 a6 44. Ba4+ b5 45. Bb3 Nh7 46. Bd2 Nd6 47. Be3 Nf6 48. Bf4 Nfe4 49. h4 Nf6 50. a4 Nfe8 51. axb5 axb5 52. Kc3 Nf5 53. Bc2 Ne7 54. Kb4 Nxd5+ 55. Kxb5 Nxf4 56. gxf4 Nc7+ 57. Kc4 f5 58. Kc5 Ne6+ 59. Kd5 Nxf4+ 60. Ke5 Ng2 61. Bxf5+  1/2-1/2

[Event "BL 1213 Wiesbadener SV - Turm Emsdetten"]
[Site "?"]
[Date "2012.10.20"]
[Round "1.6"]
[White "Bulski, Krzysztof"]
[Black "Janssen, Ruud"]
[Result "1-0"]
[BlackElo "2483"]
[EventDate "2012.??.??"]
[PlyCount "59"]
[WhiteElo "2547"]

1. d4 Nf6 2. c4 e6 3. g3 Bb4+ 4. Nd2 Nc6 5. Nf3 d5 6. Bg2 dxc4 7. O-O c3 8. Nc4 cxb2 9. Bxb2 O-O 10. Qc2 a5 11. Rad1 Ra6 12. Ng5 g6 13. e4 Nd7 14. h4 Be7 15. d5 exd5 16. exd5 Nb4 17. Qd2 b5 18. Ne3 Nc5 19. Qe2 Nxa2 20. d6 Bxd6 21. Nd5 f6 22. Nxf6+ Rxf6 23. Bd5+ Kg7 24. Bxa2 b4 25. Rfe1 b3 26. Bxb3 Nxb3 27. Ne4 Qf8 28. Nxf6 Qf7 29. Ng4+ Kg8 30. Nh6+  1-0